000 00635nam a22001935i 4500
001 165235
003 ES-MaACL
005 20230906213107.0
008 000111s1874 sp |||| | spa d
040 _aCCPB | B
_bspa
_cCCPB | B
100 1 _aSerrano Alcazar, Rafael.
_9224162
245 1 0 _aCuentos negros ó Historias extravagantes /
_cpor Rafael Serrano Alcázar.
260 _aAlbacete :
_b[s.n.],
_c1874 (
_fEst. tip. de Sebastian Ruiz)
300 _aXXIII, 173, [3] p. ;
_c19 cm.
740 0 1 _aHistorias extravagantes.
752 _aEspaña -
_dAlbacete
852 _aES-MaACL
_jG-9176
_z-- Enc. hol.
999 _c165235
_d165235